| 000 | 00000cas 2200000za 4500 |
| 001 | 9.839400 |
| 003 | CaOODSP |
| 005 | 20251222110812 |
| 007 | cr ||||||||||| |
| 008 | 170710c20179999nkcar pso f0 b0fre| |
| 022 | |a2560-9890 |
| 040 | |aCaOODSP|bfre |
| 043 | |an-cn--- |
| 086 | 1 |aAC2-9F-PDF |
| 110 | 2 |aAgence de promotion économique du Canada atlantique. |
| 222 | 0|aRapport sur les résultats ministériels |b(Agence de promotion économique du Canada atlantique) |
| 245 | 10|aRapport sur les résultats ministériels |h[ressource électronique] / |cAgence de promotion économique du Canada atlantique. |
| 260 | |a[Moncton, N. -B. ]: |bAgence de promotion économique du Canada atlantique, |c[2017]- |
| 310 | |aAnnuel |
| 362 | 0 |aParaît depuis 2016/2017. |
| 500 | |aPubl. aussi en anglais sous le titre : Departmental results report. |
| 692 | 07|2gccst|aÉvaluation du rendement |
| 692 | 07|2gccst|aProvinces atlantiques |
| 775 | 08|tDepartmental results report |w(CaOODSP)9.839396 |
| 780 | 00|tRapport ministériel sur le rendement |w(CaOODSP)9.502886 |